MDQL
is popping MORE tags! Check the
thread
!
Quizzes
Events
Quiz Creation
Community
Videos
Private Events
Remove Ads
Sign In
Join for FREE
Feedback
Dark Mode
Quiz Categories
Sports
Geography
Music
Movies
Television
Just For Fun
Miscellaneous
History
Literature
Language
Science
Gaming
Entertainment
Religion
Holiday
For Kids
Quiz Lab
Recent
Popular Today
Quiz Kudos Today
Editor Picks
Curator Picks
Quizzes by...
Day
Popularity
Type
Ratings
Length
Year
Community
Subscriptions
Recent Discussions
Orange Saloon
Badges
Playlists
Quests
Create
Leaderboards
Showdown
Live 5
Trivia Bingo
Activity
Puzzle Library
Sporcle Events
Private Events
Virtual Trivia
Globe League
Become a Host
Pub Owners
SporcleCon
Opinionation
Our Games
Videos
Blog
Mobile Apps
Partnerships
Remove Ads and Go Orange
Feedback
Music
Pop Music
The Beatles
Song
Album
Lyrics
Bands
Singers
Artist
Clip
Rock
Rap
Classical
Billboard
Country Music
Kpop
Taylor Swift
Music
Pop Music
The Beatles
Song
Album
Lyrics
Bands
Singers
Artist
Clip
Rock
Rap
Classical
Billboard
Country Music
Kpop
Taylor Swift
Random Quiz
Search Sporcle
×
Quiz Lab
Quiz Lab
Music
Lyrics
Select answers by clicking on text or image buttons
Select answers by clicking on text or image buttons
Clickable
Best Score? Go Orange.
Led Zeppelin Songs by Lyrics Stats
Can you pick the Led Zeppelin Songs by Lyrics?
By
shrekster406
18m
78 Questions
118 Plays
118 Plays
118 Plays
Comments
Comments
Give Quiz Kudos
Give Quiz Kudos
-
- Ratings
hide this ad
More Info
Forced Order
Answers have to be entered in order
Answers have to be entered in order
Replay
Link that replays current quiz
Next Quiz
Link to next quiz in quiz playlist
You Got
0%
They Got
Avg Score
55%
Avg Friend Score
Upgrade to see
Score Distribution
Jump to the score distribution portion of the page
Score
0/78
Timer
18:00
0
Plays Today
% Correct
Stairway To Heaven
90.7%
Communication Breakdown
87.3%
Whole Lotta Love
86.4%
Good Times Bad Times
85.6%
Kashmir
83.9%
When The Levee Breaks
82.2%
Going To California
79.7%
Babe I'm Gonna Leave You
78%
Black Dog
78%
D'yer Maker
77.1%
The Ocean
75.4%
Misty Mountain Hop
73.7%
Heartbreaker
72.9%
Ramble On
72.9%
The Battle Of Evermore
72.9%
Over The Hills And Far Away
72.9%
Gallow's Pole
72%
Since I've Been Loving You
70.3%
Hey Hey What Can I Do
69.5%
Immigrant Song
68.6%
Fool In The Rain
67.8%
Dazed And Confused
66.9%
What Is And What Should Never Be
66.9%
The Song Remains The Same
66.9%
That's The Way
66.1%
Thank You
63.6%
Living Loving Maid (She's Just A Woman)
63.6%
The Rain Song
62.7%
No Quarter
61.9%
Trampled Under Foot
61.9%
Royal Orleans
61.9%
Houses Of The Holy
61%
Rock And Roll
60.2%
Your Time Is Gonna Come
59.3%
Bron-Y-Aur Stomp
59.3%
All My Love
58.5%
Black Country Woman
57.6%
Friends
56.8%
Celebration Day
56.8%
% Correct
How Many More Times
55.1%
Candy Store Rock
55.1%
Tangerine
54.2%
Dancing Days
54.2%
Nobody's Fault But Mine
54.2%
Bring It On Home
53.4%
Down By The Seaside
53.4%
In My Time Of Dying
52.5%
For Your Life
51.7%
Sick Again
50.8%
You Shook Me
50%
The Lemon Song
50%
Boogie With Stu
50%
Four Sticks
49.2%
Ten Years Gone
48.3%
Night Flight
48.3%
Tea For One
47.5%
I Can't Quit You Baby
45.8%
South Bound Saurez
45.8%
Hats Off To (Roy) Harper
44.9%
The Crunge
44.9%
Achilles Last Stand
43.2%
Out On The Tiles
41.5%
Darlene
41.5%
Custard Pie
40.7%
Poor Tom
40.7%
The Rover
38.1%
Travelling Riverside Blues
38.1%
In The Light
36.4%
Hot Dog
36.4%
Carouselambra
34.7%
Hots On For Nowhere
33.9%
I'm Gonna Crawl
32.2%
The Wanton Song
28%
In The Evening
26.3%
We're Gonna Groove
12.7%
Ozone Baby
11.9%
Wearing And Tearing
10.2%
Walter's Walk
8.5%
Quiz Playlist
Details
Report
Send in Message
Add To Playlist
More Info:
Match the Led Zeppelin song with the lyrics.
Clickable:
Select answers by clicking on text or image buttons
Forced Order:
Answers have to be entered in order
Last Updated: Feb 16, 2017
Quiz Scoreboard
CHALLENGE
Sign Up to Join the Scoreboard
Show All
Scores
Hide
Comments
May contain spoilers
Recently Published
5x2 Blitz: Bands
by SL_Kpop136
Music
30s
Colored Red Africa Blitz
by spor1
Geography
30s
Find the 'City' Movie
by crazypaving
Movies
60s
More to Explore
Quiz From the Vault
Featured Blog Post
14 Easter Pick-up Lines to Find Eggs With
hide this ad
You Might Also Like...
Tags
Lyrics Quiz
Led Zeppelin
Today's Top Quizzes in Music
Browse Music
hide this ad
Today's Top Quizzes in Lyrics
Browse Lyrics
Top Contributed Quizzes in Music
1
5X2 Blitz: Bands II
2
5X2 Blitz: The Beatles
3
Taylor Swift All Songs (2024)
4
5X2 Blitz: Billboard
5
Taylor Swift Logic Puzzle II
6
5X2 Blitz: Billboard II
7
Taylor Swift Logic Puzzle
8
5X2 Blitz: Rock
9
5X2 Blitz: Singers
10
5X2 Blitz: Album
Explore More
Trending Topics
Harry Potter
NBA
Kpop
Disney
Marvel
Crossword
Anime
NFL
Puzzle
Song
WWE
Pokémon
Country
Soccer
The Office
hide this ad
More By:
shrekster406
Quiz
Plays
Rating
Category
Featured
Created
Songs Played At Live Aid
161
5.00
Music
Apr 3, 2012
Rock & Roll Hall Of Famer's Biggest Hits
144
4.50
Music
Apr 5, 2012
Blackhawks Goalies
139
5.00
Sports
Jan 28, 2013
Led Zeppelin Songs by Lyrics
118
5.00
Music
Apr 5, 2012
The Simpsons and The Rock And Roll Hall Of Fame
107
3.00
Music
Apr 5, 2012
Go to Creator's Profile
Score Distribution
Quiz Creator Spotlight
shrekster406
Follow
Send a Message
Quizzes Created
-
Created Quiz Play Count
-
More By This Creator
Popular Quizzes Today
1
Colored Red Africa Blitz
2
Find the 'City' Movie
3
Find the US States - No Outlines Minefield
4
5x2 Blitz: Bands
5
The Countries of the World
6
Find the US States
7
Find the Countries of Europe - No Outlines Minefield
8
US States
More Music Quizzes
Dire Straits by any 3 letters
Quiz Lab
Trending Quizzes
Colored Red Europe Blitz I
Colored Red Europe Blitz II
Colored Red Africa Blitz II
Colored Red Europe Blitz III
Colored Red Africa Blitz III
Recently Updated
How Do You Spell That?
pecheneg
Godzilla Movies
pecheneg
Grab Bag: 4-10 Letters
pecheneg
2024 March Madness Bracket
pecheneg
Famous TV Couples
Peacemaker
Champions League XIs: Real Madrid
pecheneg
Largest US Cities 1790-2010
pecheneg
Rides in Walt Disney World
pecheneg
Most Oscar Losses (Acting)
pecheneg
Beyoncé Albums
pecheneg
Trending Topics
Disney
Marvel
Harry Potter
Crossword
Kpop
NBA
Anime
Country
Song
WWE
Puzzle
The Office
Pokémon
Soccer
NFL
Your Account Isn't Verified!
In order to create a playlist on Sporcle, you need to verify the email address you used during registration. Go to your
Sporcle Settings
to finish the process.
Report this User
Report this user for behavior that violates our
Community Guidelines
.
Details:
Send Report
Go to the Sporcle.com Mobile Site →
Comments